|
|
|
|
| LEADER |
00749nab a2200181 i 4500 |
| 001 |
publ9741 |
| 005 |
20200121102502.0 |
| 008 |
170525s2013 hu o 0|| zxx d |
| 022 |
|
|
|a 1416-499X
|
| 024 |
7 |
|
|a 3121921
|2 mtmt
|
| 040 |
|
|
|a SZTE Publicatio Repozitórium
|b hun
|
| 041 |
|
|
|a zxx
|
| 100 |
1 |
|
|a Pilári Darinka
|
| 245 |
1 |
2 |
|a A gondolat mint akadály
|h [elektronikus dokumentum] :
|b Meg Stuart: Built to Last – Damaged Goods, és a Münchener Kammerspiele; A Counting to One Hundred – Jonathan Burrows és Matteo Fargion (UK/IT) /
|c Pilári Darinka
|
| 260 |
|
|
|a Ellenfényért Bt.
|c 2013
|
| 300 |
|
|
|a 44-46
|
| 490 |
0 |
|
|a ELLENFÉNY
|v 18 No. 6
|
| 856 |
4 |
0 |
|u http://publicatio.bibl.u-szeged.hu/9741/1/Ellenfeny_2013_6_PilariD_A_gondolat.pdf
|z Dokumentum-elérés
|